000 00757nam a2200277 i 4500
001 C2-0270185
003 PPAK
005 20180728000623.0
008 060809s2005 my a|||| ||||| | may d
020 _a9836274952
040 _aPPAK
_beng
_cPPAK
_erda
082 0 4 _a612.6
_223
090 0 0 _a612.6
_bWAL
_dK
090 0 0 _a612.6
_bWAL
_dRK
100 1 _aWalkers, Richard,
_eauthor
245 1 0 _aKehidupan
264 1 _aKuala Lumpur :
_bDewan Bahasa dan Pustaka ,
_c2005
300 _a48 pages :
_bcolour illustrations ;
_c30 cm
336 _2rdacontent
_atext
337 _2rdamedia
_aunmediated
338 _2rdacarrier
_avolume
490 1 _aMenerusi mikroskop
650 1 0 _aHuman reproduction.
830 0 _aMenerusi mikroskop
942 _ddc
_cB
999 _c78739
_d78739